| 000 | 00685cam a2200253 4500 | ||
|---|---|---|---|
| 008 | 090401t1996 xxu||||| |||| 00| 0 eng d | ||
| 020 | _a0860174433 | ||
| 035 | _a(Sirsi) u57981 | ||
| 041 | _aeng | ||
| 050 | _a628.24 | ||
| 100 | _aAckers, J. C. | ||
| 245 | _aDesign of sewers to control sediment problems. | ||
| 260 |
_aLondon _bCIRIA _c1996 |
||
| 300 | _axii,181p. ; 30cm. | ||
| 350 | _a63 | ||
| 490 |
_aCIRIA Report _v141 |
||
| 650 | _aSEWERAGE | ||
| 690 | _aBUILT ENVIRONMENT-CONSTRUCTION DESIGN | ||
| 700 | _aButler, D. | ||
| 700 | _aMay, R.W.P. | ||
| 710 |
_aConstruction Industry Research and Information Association _94810 |
||
| 942 | _n0 | ||
| 948 | _c04/03/1997 | ||
| 999 |
_c94007 _d94007 |
||